NLSUI OPAC header image

Lost Worlds : Indian Labour and its forgotten histories (Record no. 120715)

MARC details
000 -LEADER
fixed length control field 00297nam a2200109Ia 4500
100 ## - MAIN ENTRY--PERSONAL NAME
Personal name Joshi, Chitra
245 #0 - TITLE STATEMENT
Title Lost Worlds : Indian Labour and its forgotten histories
264 ## - PRODUCTION, PUBLICATION, DISTRIBUTION, MANUFACTURE, AND COPYRIGHT NOTICE
Name of producer, publisher, distributor, manufacturer Permanent Black
Date of production, publication, distribution, manufacture, or copyright notice 2003
300 ## - PHYSICAL DESCRIPTION
Extent 359
942 ## - ADDED ENTRY ELEMENTS (KOHA)
Koha item type CSSEIP Office Library Collection
Holdings
Withdrawn status Lost status Damaged status Not for loan Home library Current library Shelving location Date acquired Total Checkouts Barcode Date last seen Price effective from Koha item type
      Not For Loan . . CSSEIP Office Library - Gandhian Studies 23.06.2020   G0066 23.06.2020 23.06.2020 CSSEIP Office Library Collection